Précis de biologie animale: (Record no. 22079)

MARC details
000 -LEADER
fixed length control field 00753nam a22002177a 4500
003 - CONTROL NUMBER IDENTIFIER
control field OSt
005 - DATE AND TIME OF LATEST TRANSACTION
control field 20181121103104.0
008 - FIXED-LENGTH DATA ELEMENTS--GENERAL INFORMATION
fixed length control field 181121b xxu||||| |||| 00| 0 fre d
040 ## - CATALOGING SOURCE
Original cataloging agency LB-BrCRDP
082 ## - DEWEY DECIMAL CLASSIFICATION NUMBER
Classification number 590 A769p
100 ## - MAIN ENTRY--PERSONAL NAME
Personal name Max Aron
245 ## - TITLE STATEMENT
Title Précis de biologie animale:
Remainder of title à l'usage des candidats au certificat préparatoire aux études médicales (C.P.E.M.), aux grandes écoles, à la licence ès sciences et des étudiants des facultés de médecine et de pharmacie
250 ## - EDITION STATEMENT
Edition statement 8ème édition-revue et remaniée
260 ## - PUBLICATION, DISTRIBUTION, ETC.
Place of publication, distribution, etc. Paris
Name of publisher, distributor, etc. Masson et Cie,
Date of publication, distribution, etc. 1966
300 ## - PHYSICAL DESCRIPTION
Extent 1421p
Dimensions 20cm
630 ## - SUBJECT ADDED ENTRY--UNIFORM TITLE
Uniform title Zoology.
630 ## - SUBJECT ADDED ENTRY--UNIFORM TITLE
Uniform title biologie animale -- manuel
630 ## - SUBJECT ADDED ENTRY--UNIFORM TITLE
Uniform title Zoologie.
700 ## - ADDED ENTRY--PERSONAL NAME
Personal name Pierre-Paul Grassé
942 ## - ADDED ENTRY ELEMENTS (KOHA)
Source of classification or shelving scheme Dewey Decimal Classification
Koha item type Books
Holdings
Withdrawn status Lost status Source of classification or shelving scheme Damaged status Not for loan Home library Current library Date acquired Total Checkouts Full call number Barcode Date last seen Price effective from Koha item type
    Dewey Decimal Classification     مكتبة المطبعة - سن الفيل مكتبة المطبعة - سن الفيل 11/21/2018   590 A769p crdp017712 11/21/2018 11/21/2018 Books